000 01113nam a2200277 a 4500
001 ebr10459625
003 CaPaEBR
006 m u
007 cr cn|||||||||
008 110426s2009 enkad sb 001 0 eng d
020 _z9781905539178
020 _z9781907830174 (e-book)
040 _aCaPaEBR
_cCaPaEBR
035 _a(OCoLC)726825870
050 1 4 _aRE46
_b.I87 2009eb
245 0 0 _aIssues in ophthalmic practice
_h[electronic resource] :
_bcurrent and future challenges /
_cedited by Susan Watkinson.
260 _aCumbria [England] :
_bM&K Update Ltd.,
_c2009.
300 _axii, 231 p. :
_bcol. ill.
504 _aIncludes bibliographical references and index.
533 _aElectronic reproduction.
_bPalo Alto, Calif. :
_cebrary,
_d2011.
_nAvailable via World Wide Web.
_nAccess may be limited to ebrary affiliated libraries.
650 0 _aOphthalmology.
655 7 _aElectronic books.
_2local
700 1 _aWatkinson, Sue.
710 2 _aebrary, Inc.
856 4 0 _uhttp://site.ebrary.com/lib/rucke/Doc?id=10459625
_zAn electronic book accessible through the World Wide Web; click to view
999 _c126727
_d126727